Stadt und Landschaft in der Antike : Adonos-Supplementum 3

Na minha lista:
Detalhes bibliográficos
Formato: Livro
Idioma:alemão
Publicado em: Trnava : Trnavská univerzita, 2003
Tags: Adicionar Tag
Sem tags, seja o primeiro a adicionar uma tag!

MARC

LEADER 00000nam a22000003a 4500
001 stu190867
005 20141123072213.4
008 090928s2003------------------------ger-d
020 |a 80-89074-76-6 
040 |a STU  |b slo 
041 0 |a ger 
245 |a Stadt und Landschaft in der Antike :  |b Adonos-Supplementum 3 
260 |a Trnava :  |b Trnavská univerzita,  |c 2003 
300 |a 196 s 
996 |b 284AU04327  |c A*6760  |l AA3130  |s P  |a 0  |w stu190867_0001